000
00290nam a22001337a 4500
008
181008b xxu||||| |||| 00| 0 eng d
020
_a
9780070621701
041
_a
eng
080
_a
616
100
_a
9
101
_a
PAT
245
_a
Pulmonary Pathophysiology
_c
Ali,J
942
_2
udc
_c
BK
999
_c
49042
_d
49042